[Event "Vrsac"]
[Site "Vrsac"]
[Date "1983.??.??"]
[Round "?"]
[White "Suba, Mihai"]
[Black "Nikolic, Predrag"]
[Result "0-1"]
[WhiteElo "2555"]
[BlackElo "2540"]

1.d4 d5 2.c4 dxc4 3.Nf3 a6 4.e3 Nf6 5.Bxc4 b5 6.Be2 e6 7.a4 b4 8.O-O Bb7
9.Nbd2 c5 10.Nb3 Nbd7 11.Bd2 cxd4 12.Nfxd4 e5 13.Nc2 a5 14.f3 Qb6 15.Be1 Bd5
16.Nd2 Bc5 17.Kh1 O-O 18.e4 Be6 19.Nc4 Qa7 20.Bh4 Nh5 21.Rc1 Nf4 22.Na1 Bd4
23.Nb3 Bxb2 24.Rc2 Nxe2 25.Qxe2 Bc3 26.Nbxa5 Rfc8 27.Rd1 Qc7 28.Be1 Bxe1
29.Qxe1 Rxa5 30.Ne3 Rc5 31.Rb2 b3 32.Nd5 Bxd5 33.exd5 Rb8 34.d6 Qa5 35.Qe4 Rb4
36.Qf5 Qxa4 37.Rbb1 b2 38.Qg5 Qxd1+  0-1

[Event "Vrsac"]
[Site "Vrsac"]
[Date "1983.??.??"]
[Round "?"]
[White "Bjelajac, Milan"]
[Black "Nikolic, Predrag"]
[Result "0-1"]
[WhiteElo "2405"]
[BlackElo "2540"]

1.e4 d6 2.d4 Nf6 3.Nc3 g6 4.g3 Bg7 5.Bg2 O-O 6.Nge2 e5 7.O-O c6 8.h3 b5 9.a3 Bb7
10.Bg5 Nbd7 11.d5 cxd5 12.Nxd5 Bxd5 13.exd5 Qc7 14.a4 b4 15.c3 Rab8 16.Bd2 bxc3
17.Bxc3 Rfc8 18.Rc1 Qb7 19.a5 Rc4 20.b4 Qb5 21.Qd2 Ne4 22.Bxe4 Rxe4 23.Rc2 Nf6
24.Rd1 Rc8 25.Nc1 Rec4 26.Ne2 a6 27.Qd3 e4 28.Qd2 e3 29.Qxe3 Nxd5 30.Rxd5 Qxd5
31.Rd2 Qe4 32.Qxe4 Rxe4 33.Bxg7 Kxg7 34.Nf4 Rc6 35.Nd5 Rcc4 36.Kg2 Red4  0-1

[Event "Vrsac"]
[Site "Vrsac"]
[Date "1983.??.??"]
[Round "?"]
[White "Nikolic, Predrag"]
[Black "Kapelan, Milorad"]
[Result "1-0"]
[WhiteElo "2540"]
[BlackElo "2300"]

1.d4 d5 2.c4 e6 3.Nc3 Be7 4.Nf3 Nf6 5.Bg5 h6 6.Bh4 O-O 7.Qc2 Nbd7 8.e3 b6
9.cxd5 exd5 10.Bb5 Bb7 11.O-O c6 12.Ba4 Rc8 13.Rad1 a5 14.a3 b5 15.Bb3 b4
16.axb4 axb4 17.Na4 Ba6 18.Rfe1 Ne4 19.Bxe7 Qxe7 20.Nd2 Bb5 21.Nxe4 dxe4
22.Rc1 Rfd8 23.Nc5 Nxc5 24.Qxc5 Qxc5 25.Rxc5 Rb8 26.h3 g6 27.Rec1 Rb6 28.Re5 Bd3
29.Re7 Rf8 30.Rc7 Bb5 31.Ra1 Ba6 32.Ra5 Kg7 33.Re5 Rb7 34.Rxc6 Bd3 35.Rec5 Ra8
36.Rc7 Raa7 37.Rxb7 Rxb7 38.Kh2 g5 39.Kg3 Kg6 40.Rc6+ f6 41.h4 gxh4+ 42.Kxh4 Bb5
43.Rc8 Bf1 44.Bd5 Re7 45.g4 Bg2 46.Rg8+ Kh7 47.Rb8 Bf3 48.Rxb4 Kg6 49.Rb7  1-0

[Event "Vrsac"]
[Site "Vrsac"]
[Date "1983.??.??"]
[Round "?"]
[White "Nikolic, Predrag"]
[Black "Gligoric, Svetozar"]
[Result "1-0"]
[WhiteElo "2540"]
[BlackElo "2505"]

1.d4 d5 2.c4 e6 3.Nc3 c5 4.cxd5 exd5 5.Nf3 Nc6 6.g3 Nf6 7.Bg2 Be7 8.O-O O-O
9.dxc5 Bxc5 10.Bg5 d4 11.Ne4 Be7 12.Bxf6 Bxf6 13.Rc1 Re8 14.Ne1 Be7 15.Nd3 Bf8
16.Qd2 a5 17.a3 a4 18.Nec5 Qb6 19.Qc2 Ra5 20.Nxa4 Qa7 21.Nac5 Bxc5 22.Nxc5 h6
23.Rfd1 Qb6 24.Bxc6 bxc6 25.Rxd4 Ra7 26.Rcd1 Rae7 27.R1d2 Kh8 28.b4 Qc7 29.Kg2 Re5
30.e4 f6 31.f4 R5e7 32.a4 Bg4 33.h3 Bc8 34.a5 Be6 35.Qc3 Qb8 36.Rd6 Bd5 37.Rxf6 gxf6
38.exd5 cxd5 39.Qxf6+ Kh7 40.Nd3 Qb7 41.Ne5 Re6 42.Qf5+ Kg8 43.Rd4 R8e7 44.Qd3 Rc7
45.h4 Rd6 46.f5 Qc8 47.Rg4+ Kf8 48.Ng6+ Kf7 49.Qe3 h5 50.Ne5+ Kf8 51.Rg5 d4
52.Qf4 Qb7+ 53.Nf3 Qd5 54.Rxh5 Rc3 55.a6 Qa2+ 56.Kh3 Qxa6 57.Ng5 Re3 58.Ne6+  1-0

[Event "Vrsac"]
[Site "Vrsac"]
[Date "1983.??.??"]
[Round "?"]
[White "Smejkal, Jan"]
[Black "Nikolic, Predrag"]
[Result "1-0"]
[WhiteElo "2560"]
[BlackElo "2540"]

1.c4 e5 2.Nc3 Nc6 3.e3 Nf6 4.Nf3 Be7 5.Be2 O-O 6.O-O d5 7.cxd5 Nxd5 8.d3 Be6
9.Bd2 Ndb4 10.Qb1 a5 11.Rd1 Qd7 12.a3 Na6 13.d4 exd4 14.exd4 Bf5 15.Bd3 Bxd3
16.Qxd3 h6 17.Qb5 Rfd8 18.Be3 Bd6 19.Rac1 b6 20.Ne4 Ne5 21.Qe2 Ng6 22.Bxh6 Re8
23.Qc2 Qe6 24.Nxd6 Qxd6 25.Be3 Rac8 26.Ng5 Nb8 27.Qf5 Qd7 28.Qf3 f6 29.Ne4 Qe6
30.Ng3 Nd7 31.Nf5 Ndf8 32.Rc6 Qb3 33.Rdc1 Ne6 34.Nd6 cxd6 35.Rxc8 Rxc8 36.Rxc8+ Ngf8
37.Qe2  1-0

[Event "Vrsac"]
[Site "Vrsac"]
[Date "1983.??.??"]
[Round "?"]
[White "Tarjan, James Edward"]
[Black "Nikolic, Predrag"]
[Result "1-0"]
[WhiteElo "2535"]
[BlackElo "2540"]

1.e4 e6 2.d4 d5 3.Nd2 c5 4.exd5 exd5 5.Ngf3 Nc6 6.Bb5 Bd6 7.O-O cxd4 8.Nb3 a6
9.Bxc6+ bxc6 10.Qxd4 Nf6 11.Re1+ Be6 12.Bf4 O-O 13.Rad1 Bg4 14.Bxd6 Qxd6
15.Qc5 Ne4 16.Qxd6 Nxd6 17.Nc5 Rfb8 18.b3 Rb5 19.Nd3 Bxf3 20.gxf3 Nf5 21.Ne5 Rc5
22.c4 dxc4 23.Nxc4 g6 24.Kg2 a5 25.Re4 Rb8 26.Rd7 Rbb5 27.f4 Rd5 28.Rc7 Rd4
29.Rxd4 Nxd4 30.Nd6 Rc5 31.Ra7 Ne2 32.f5 gxf5 33.Nc4 Rd5 34.Rxa5 Rd1 35.Ne3 Rg1+
36.Kf3 Nd4+ 37.Kf4 Kg7 38.Nxf5+ Nxf5 39.Rxf5 Rc1 40.Ke5 Rc2 41.a4 Rd2 42.a5 Kf8
43.b4 Ke7 44.Rf3 Rd5+ 45.Ke4 Rb5 46.Ra3 Rxb4+ 47.Kd3 Rb7 48.a6 Ra7 49.Kc4 Kd6
50.Ra5 Kc7 51.Kc5 Kb8 52.Kb6 Re7 53.Rg5 Re8 54.f4 f6 55.Rg7 c5 56.Kxc5 Re4
57.f5 h5 58.Rb7+ Ka8 59.Rb4 Re2 60.Rh4 Ka7 61.Rxh5 Kxa6 62.h4 Re5+ 63.Kd6 Kb6
64.Rh6 Rxf5 65.Ke6 Rf1 66.Rxf6 Rh1 67.Rh6 Kc7 68.h5 Kc6 69.Rh8 Re1+ 70.Kf5 Rf1+
71.Kg4 Rg1+ 72.Kf3 Kb7 73.Kf4 Rf1+ 74.Kg5 Rg1+ 75.Kf6 Rf1+ 76.Kg7 Kc7 77.h6 Rg1+
78.Kh7 Kd7 79.Rg8 Rf1 80.Rg4 Ke7 81.Kg6 Rf6+ 82.Kg5 Kf7 83.h7 Rg6+ 84.Kh5 Rxg4
85.h8=Q Rg7 86.Qh6 Kg8 87.Qd6 Rh7+ 88.Kg6 Rg7+ 89.Kf6 Rf7+ 90.Ke6  1-0

[Event "Vrsac"]
[Site "Vrsac"]
[Date "1983.??.??"]
[Round "?"]
[White "Agzamov, Georgy"]
[Black "Nikolic, Predrag"]
[Result "1/2-1/2"]
[WhiteElo "2535"]
[BlackElo "2540"]

1.d4 Nf6 2.c4 e6 3.Nf3 b6 4.a3 d5 5.Nc3 Be7 6.cxd5 exd5 7.Bf4 O-O 8.e3 c5
9.Be2 Bb7 10.O-O Nbd7 11.Ne5 Nxe5 12.Bxe5 Bd6 13.Bxf6 Qxf6 14.Bf3 Rfd8 15.g3 Bf8
16.Bg2 Rac8 17.Re1 g6 18.Re2  1/2-1/2

[Event "Vrsac"]
[Site "Vrsac"]
[Date "1983.??.??"]
[Round "?"]
[White "Ivanovic, Bozidar"]
[Black "Nikolic, Predrag"]
[Result "1/2-1/2"]
[WhiteElo "2515"]
[BlackElo "2540"]

1.e4 e5 2.Nf3 Nc6 3.Bb5 a6 4.Ba4 Nf6 5.O-O Be7 6.Re1 b5 7.Bb3 d6 8.c3 O-O
9.h3 Bb7 10.d4 Re8 11.Nbd2 Bf8 12.a3 Qd7 13.Bc2 Rad8 14.d5 Ne7 15.b3 c6 16.c4 g6
17.Nf1 a5 18.Ne3 Bg7 19.a4 b4 20.dxc6 Qxc6 21.Nd5 Rc8 22.Ra2 Nd7 23.Nh2 Nc5
24.Bg5 Nxd5 25.cxd5 Qc7 26.Ng4 Ba6 27.Qd2 Rf8 28.f3 f6 29.Be3 Qb7  1/2-1/2

[Event "Vrsac"]
[Site "Vrsac"]
[Date "1983.??.??"]
[Round "?"]
[White "Nikolic, Predrag"]
[Black "De Firmian, Nick E"]
[Result "1-0"]
[WhiteElo "2540"]
[BlackElo "2520"]

1.Nf3 c5 2.c4 Nf6 3.g3 b6 4.Bg2 Bb7 5.O-O Nc6 6.Nc3 e6 7.d4 Nxd4 8.Nxd4 Bxg2
9.Kxg2 cxd4 10.Qxd4 Be7 11.Rd1 O-O 12.Bf4 Qc8 13.b3 d6 14.Qd3 Rd8 15.Qf3 a6
16.Rd3 Qc7 17.Rad1 Rac8 18.g4 h6 19.h4 b5 20.cxb5 e5 21.g5 Nh7 22.Nd5 Qd7
23.Bxe5 dxe5 24.Nf6+ Nxf6 25.Rxd7 Nxd7 26.bxa6 Rc7 27.gxh6 gxh6 28.b4 Kf8
29.b5 Bc5 30.a4 Ke7 31.a5 Bd4 32.e3 Bc3 33.b6 Rc5 34.b7  1-0

[Event "OHRA"]
[Site "Amsterdam"]
[Date "1984.??.??"]
[Round "1"]
[White "Nikolic, Predrag"]
[Black "Ligterink, Gert"]
[Result "1-0"]
[WhiteElo "2585"]
[BlackElo "2440"]

1.d4 Nf6 2.c4 e6 3.Nf3 b6 4.g3 Ba6 5.Qa4 Bb7 6.Bg2 c5 7.O-O Be7 8.Nc3 cxd4
9.Nxd4 Bxg2 10.Kxg2 a6 11.Bg5 O-O 12.Rfd1 Qc7 13.f3 Qb7 14.Ne4 Nxe4 15.Bxe7 Re8
16.Qa3 Nf6 17.Bd6 Rc8 18.Qb3 Nc6 19.Rac1 Ne8 20.Bf4 d6 21.Nxc6 Rxc6 22.a4 Rac8
23.Qd3 h6 24.h4 Qe7 25.b4 e5 26.b5 axb5 27.axb5 R6c7 28.Be3 Qe6 29.Bxb6 Rxc4
30.Rxc4 Rxc4 31.Bf2 Rb4 32.Rb1 Rxb1 33.Qxb1 Qd5 34.b6 Qb7 35.Qe4 Qb8 36.Qc6  1-0

[Event "OHRA"]
[Site "Amsterdam"]
[Date "1984.??.??"]
[Round "4"]
[White "Nikolic, Predrag"]
[Black "Kuijf, Marinus"]
[Result "1-0"]
[WhiteElo "2585"]
[BlackElo "2405"]

1.d4 d5 2.c4 c6 3.Nf3 Nf6 4.Nc3 e6 5.Bg5 dxc4 6.e4 b5 7.e5 h6 8.Bh4 g5 9.Nxg5 hxg5
10.Bxg5 Nbd7 11.g3 Bb7 12.Bg2 Rh5 13.Bxf6 Nxf6 14.exf6 Rf5 15.O-O Qb6 16.a4 O-O-O
17.Qg4 Rxf6 18.Rfd1 a6 19.h4 Rg6 20.Qf3 Rd7 21.Ne4 f5 22.Nc5 Bxc5 23.dxc5 Rxd1+
24.Rxd1 Qxc5 25.Qh5 Rg8 26.Qh7  1-0

[Event "OHRA"]
[Site "Amsterdam"]
[Date "1984.??.??"]
[Round "6"]
[White "Polugaevsky, Lev"]
[Black "Nikolic, Predrag"]
[Result "1/2-1/2"]
[WhiteElo "2625"]
[BlackElo "2585"]

1.d4 Nf6 2.c4 e6 3.Nc3 Bb4 4.Nf3 c5 5.g3 Qa5 6.Bd2 cxd4 7.Nxd4 Qc5 8.e3 Nc6
9.a3 Bxc3 10.Bxc3 O-O 11.b4 Qe7 12.Bg2 a5 13.O-O d5 14.bxa5 Rd8 15.cxd5 exd5
16.Nxc6 bxc6 17.Qd4 c5 18.Qh4 Bf5 19.Rfd1 Qe6 20.Bxf6 gxf6 21.Rac1 c4 22.Rd4 Kg7
23.e4 Bxe4 24.Rdxc4  1/2-1/2

[Event "OHRA"]
[Site "Amsterdam"]
[Date "1984.??.??"]
[Round "7"]
[White "Nikolic, Predrag"]
[Black "Timman, Jan H"]
[Result "0-1"]
[WhiteElo "2585"]
[BlackElo "2650"]

1.d4 Nf6 2.c4 e6 3.Nc3 Bb4 4.Qc2 O-O 5.a3 Bxc3+ 6.Qxc3 b6 7.Nf3 Bb7 8.e3 d6
9.b4 Nbd7 10.Bb2 Ne4 11.Qc2 f5 12.Be2 Ng5 13.Qd1 Nxf3+ 14.Bxf3 Be4 15.Bxe4 fxe4
16.d5 e5 17.Qg4 Nf6 18.Qe6+ Rf7 19.O-O Qf8 20.f4 exf3 21.Rxf3 Qc8 22.Qxc8+ Rxc8
23.Rc1 c5 24.b5 a6 25.bxa6 Ra7 26.Rf2 Rxa6 27.Rb1 Ne4 28.Rc2 Rf8 29.Bc1 h5
30.Bb2 Ra4 31.h4 Rf6 32.Kh2 Rf2 33.Rbc1 Rd2 34.Kh3 Rd3 35.Re1 Nd2  0-1

[Event "JUG-ch"]
[Site "?"]
[Date "1984.??.??"]
[Round "1"]
[White "Nikolic, Predrag"]
[Black "Ivanovic, Bozidar"]
[Result "1/2-1/2"]
[WhiteElo "2570"]
[BlackElo "2525"]

1.d4 c5 2.d5 e5 3.dxe6 fxe6 4.e4 Nc6 5.Nc3 Nf6 6.f4 d6 7.Nf3 Be7 8.Bd3 O-O
9.O-O a6 10.Qe2 d5 11.b3 Kh8 12.e5 Ng8 13.Bd2 Bd7 14.Ng5 Bxg5 15.fxg5 g6
16.Rxf8 Qxf8 17.Na4 b5 18.Rf1 Qe7 19.Nb6 Rd8 20.Nxd7 Rxd7 21.c3 Rd8 22.h4 Rf8
23.Rxf8 Qxf8 24.h5 Nge7 25.Be3 d4 26.cxd4 cxd4 27.Bd2 Kg8 28.a4 bxa4 29.bxa4 a5
30.Bc4 Qf5 31.g4 Qf7 32.h6 Nd5 33.Qe4 Kf8 34.Bb5 Qc7 35.Bf4 Ke7 36.Bg3 Qb6
37.Kh2 Qc5 38.Qf3 Qc3 39.Qf1 Qd2+ 40.Kh3 Ncb4 41.Bc4 d3 42.Bf2 Ne3 43.Qh1 Nbd5
44.Qb1 Nb4 45.Qh1 Ned5 46.Qf3 Qf4 47.Bxd5 Nxd5 48.Bc5+ Kd8 49.Qxd3 Qxe5 50.Bb6+ Ke7
51.Bc5+ Kd8 52.Bb6+ Ke7 53.Bc5+ Kf7 54.Qf3+ Qf4 55.Qb3 Qf1+ 56.Kg3 Qe1+ 57.Kg2 Qd2+
58.Kg3 Qe1+ 59.Kg2 Qe2+ 60.Kh3 Qf1+ 61.Kh2  1/2-1/2

[Event "JUG-ch"]
[Site "?"]
[Date "1984.??.??"]
[Round "2"]
[White "Nikolic, Predrag"]
[Black "Basagic, Zlatko"]
[Result "1-0"]
[WhiteElo "2570"]
[BlackElo "2340"]

1.d4 g6 2.c4 Bg7 3.Nf3 Nf6 4.Nc3 O-O 5.g3 Nc6 6.Bg2 a6 7.O-O Rb8 8.e4 d6
9.h3 Nd7 10.Bg5 h6 11.Be3 e5 12.Nd5 Na5 13.dxe5 Nxc4 14.exd6 Nxd6 15.Qc2 c6
16.Bf4 Nxe4 17.Bc7 Qe8 18.Nc3 Bxc3 19.bxc3 Ra8 20.Nd2 Nec5 21.Rfe1 Ne6 22.Bd6 Nf6
23.Nc4 Qd8 24.Rad1 Nd5 25.Bxf8 Nxf8 26.Ne3 Be6 27.Nxd5 cxd5 28.Qb3 Rc8 29.Qxb7 Rxc3
30.Bxd5 Qf6 31.Qxa6 h5 32.h4 g5 33.Bxe6 Nxe6 34.hxg5 Qf3 35.g6 Nf4 36.gxf7+ Kh7
37.Qh6+  1-0

[Event "JUG-ch"]
[Site "?"]
[Date "1984.??.??"]
[Round "6"]
[White "Nikolic, Predrag"]
[Black "Abramovic, Bosko"]
[Result "1-0"]
[WhiteElo "2570"]
[BlackElo "2495"]

1.d4 Nf6 2.c4 e6 3.Nf3 d5 4.Nc3 Be7 5.Bg5 h6 6.Bxf6 Bxf6 7.e3 O-O 8.Qd2 Nc6
9.Rd1 dxc4 10.Bxc4 e5 11.d5 Ne7 12.Ne4 Nf5 13.Bb3 Nd6 14.Nxf6+ Qxf6 15.Rc1 Bg4
16.Bd1 e4 17.h3 exf3 18.hxg4 fxg2 19.Rg1 Ne4 20.Qe2 Qe5 21.Rxg2 Qxd5 22.f3 Qa5+
23.Kf1 Nf6 24.Bb3 Rad8 25.Qe1 Qxe1+ 26.Kxe1 Rd7 27.g5 hxg5 28.Rxg5 Rfd8 29.Rc4 c6
30.Rf4 Kf8 31.e4 Ng8 32.e5 Nh6 33.e6 Rd4 34.Rxd4 Rxd4 35.Rxg7 Rf4 36.Rh7 Rf6
37.Kf2 fxe6 38.Rxb7 Rf7 39.Rb4 Ke7 40.Re4 Rf6 41.Ra4 Kd6 42.Rxa7 Nf7 43.Kg3 Ne5
44.Bd1 Nd3 45.Rb7 Rg6+ 46.Kh2 Nf4 47.Kh1 Rg2 48.Ba4 Rd2 49.Rb6 Ke5 50.Rxc6 Rxb2
51.Rc2 Rb8 52.Rd2 Rg8 53.Bc6 Nd5 54.a4 Kf4 55.a5 Kxf3 56.Rxd5  1-0

[Event "JUG-ch"]
[Site "?"]
[Date "1984.??.??"]
[Round "10"]
[White "Nikolic, Predrag"]
[Black "Kovacevic, Vlatko"]
[Result "1/2-1/2"]
[WhiteElo "2570"]
[BlackElo "2555"]

1.d4 d5 2.c4 c6 3.Nc3 Nf6 4.e3 g6 5.Nf3 Bg7 6.Be2 O-O 7.O-O Nbd7 8.b3 b6
9.Bb2 Bb7 10.Qc2 Qc7 11.Rad1 Rad8 12.h3 a6 13.a4 a5 14.Rfe1 Rfe8 15.Qb1 e6
16.Bf1  1/2-1/2

[Event "JUG-ch"]
[Site "?"]
[Date "1984.??.??"]
[Round "12"]
[White "Nikolic, Predrag"]
[Black "Rukavina, Josip"]
[Result "1/2-1/2"]
[WhiteElo "2570"]
[BlackElo "2455"]

1.d4 Nf6 2.c4 e6 3.Nf3 d5 4.Nc3 Be7 5.Bg5 h6 6.Bxf6 Bxf6 7.Qd2 O-O 8.e3 dxc4
9.Bxc4 c5 10.dxc5 Nd7 11.Ne4 Be7 12.c6 bxc6 13.O-O Nb6 14.Be2 f5 15.Nc3 Qxd2
16.Nxd2 Bf6 17.Rac1 Rb8 18.b3 Rd8 19.Rfd1 Bd7 20.Nc4 Be8 21.Kf1 Rxd1+ 22.Nxd1 Rd8
23.Nc3 Kf8 24.Ke1 Be7 25.Nd1 g5 26.Ndb2 Nd5 27.Nd3 Nb4 28.Nxb4 Bxb4+ 29.Kf1 Be7
30.Rc2 c5 31.Ke1 Kg7 32.Rd2 Kf6 33.Rxd8 Bxd8 34.Nd6 Bc6 35.Bf3 Bd7 36.g3  1/2-1/2

[Event "JUG-ch"]
[Site "?"]
[Date "1984.??.??"]
[Round "13"]
[White "Simic, Radoslav"]
[Black "Nikolic, Predrag"]
[Result "1/2-1/2"]
[WhiteElo "2485"]
[BlackElo "2570"]

1.Nf3 d5 2.d4 Nf6 3.c4 dxc4 4.e3 a6 5.a4 e6 6.Bxc4 c5 7.O-O Nc6 8.Qe2 cxd4
9.Rd1 Be7 10.Nxd4 Nxd4 11.exd4 O-O 12.Nc3 Re8 13.Bf4 Bd7 14.d5 e5 15.Bg5 Qb6
16.a5 Qa7 17.h3 Rac8 18.d6 Bd8 19.Bxf6 Bxf6 20.Ne4 Bd8 21.b4 b6 22.Bxa6 Ra8
23.Bb5 bxa5 24.bxa5 Qb7 25.Bxd7 Qxd7 26.a6 Bb6 27.Rab1 Bd4 28.Rb7 Qe6 29.Rc1 h6
30.Rcc7 Rf8 31.a7 Qd5 32.Qf3 Qa2 33.d7 Bxa7 34.d8=Q Bxf2+ 35.Qxf2 Qxf2+ 36.Kxf2 Raxd8
37.Ke3 Rd1 38.Re7 Rd5 39.Nf2 Ra5 40.Nd3 Ra2 41.g3 Ra3 42.Rbd7 Ra6 43.Rxe5 Rg6
44.Kf4 Rf6+ 45.Rf5 Rxf5+ 46.Kxf5 Ra8 47.Ne5 Ra3 48.Rd3 g6+ 49.Ke4 Ra4+ 50.Rd4 Ra1
51.Kf3 Rf1+ 52.Kg2 Rf5 53.Re4 h5 54.h4 Kg7 55.Re3 Kg8 56.Nf3 Ra5 57.Ng5 Kg7
58.Rf3 Ra7 59.Kf2 Re7 60.Re3 Ra7 61.Ke2 Rd7 62.Rd3 Re7+ 63.Kd2 Rc7 64.Rf3 Rd7+
65.Kc3 Ra7 66.Kc4 f6 67.Ne6+ Kf7 68.Ng5+ Kg7 69.Ne6+ Kf7 70.Nc5 Kg7 71.Kd4 g5
72.Ne4 Ra6 73.Rc3 Kg6 74.Ke3 Rb6 75.Ra3 Re6 76.Kf3 Rb6 77.Rd3 Rb5 78.Rc3 Rf5+
79.Ke3 Ra5 80.Rb3 Kf5 81.Kf3 Kg6 82.Rc3 Rf5+ 83.Ke3 Ra5 84.hxg5 fxg5 85.Kf3 g4+
86.Kg2 Ra2+ 87.Nf2 Rb2 88.Rc6+ Kf5 89.Rh6 Kg5 90.Rh8 Kg6 91.Rd8 Re2 92.Rd5 Kh6
93.Rd3 Kg5 94.Kf1 Re5 95.Rd4 Re3 96.Kg2 Re2 97.Rd5+ Kh6 98.Ra5 Kg6 99.Ra4 Kg5
100.Rb4 Kg6 101.Rf4 Re5 102.Kf1 Rf5 103.Rd4 Kg5 104.Rd8 Re5 105.Nd3 Re3 106.Nc5 Re5
107.Nd7 Rd5 108.Rg8+ Kf5 109.Nb6 Rd3 110.Rf8+ Kg6 111.Kf2 Rd2+ 112.Kf1 Rd3
113.Kf2 Rd2+ 114.Kf1 Rd3 115.Kg2 Rd2+ 116.Kg1 Rd1+  1/2-1/2

[Event "JUG-ch"]
[Site "?"]
[Date "1984.??.??"]
[Round "17"]
[White "Gligoric, Svetozar"]
[Black "Nikolic, Predrag"]
[Result "1/2-1/2"]
[WhiteElo "2510"]
[BlackElo "2570"]

1.d4 Nf6 2.c4 e6 3.Nc3 Bb4 4.e3 c5 5.Ne2 cxd4 6.exd4 O-O 7.a3 Be7 8.d5 exd5
9.cxd5 Bc5 10.b4 Bb6 11.Na4 d6 12.Nxb6 axb6 13.Nc3 Bf5 14.Be2 Ne4 15.Nxe4 Bxe4
16.O-O Qf6 17.Ra2 Qg6 18.f3 Bb1 19.Rd2 Nd7 20.Bb2 Bf5 21.Qe1 Qg5 22.Bb5 h5
23.Qf2 Rfe8 24.f4 Qg6 25.Bxd7 Bxd7 26.Qxb6 Rab8 27.b5 Qe4 28.h3 Qc4 29.Qxd6 Bxb5
30.Rc1 Qe4 31.Qb6 Bd7 32.Qf2 Rbc8 33.Rxc8 Bxc8 34.Qg3 Qe3+ 35.Qxe3 Rxe3 36.Kf2 Rb3  1/2-1/2

[Event "Novi Sad"]
[Site "Novi Sad"]
[Date "1984.??.??"]
[Round "?"]
[White "Ftacnik, Lubomir"]
[Black "Nikolic, Predrag"]
[Result "0-1"]
[WhiteElo "2595"]
[BlackElo "2585"]

1.d4 d5 2.c4 dxc4 3.e3 Nf6 4.Bxc4 a6 5.Nc3 e6 6.a4 c5 7.Nf3 Nc6 8.O-O Be7
9.Qe2 cxd4 10.Rd1 O-O 11.exd4 Nd5 12.Be3 Ncb4 13.Ne5 Bd7 14.Bb3 Bc6 15.Nxc6 bxc6
16.a5 Bd6 17.Ra4 Nxe3 18.Qxe3 Nd5 19.Qh3 Qb8 20.Ne4 Bxh2+ 21.Kh1 Bd6 22.Rc4 Be7
23.Rxc6 Qb5 24.Rdc1 Qxa5 25.Nc3 Nb4 26.Rc4 Rab8 27.Kg1 g6 28.Ne4 Nd5 29.R4c2 Rfd8
30.Nc5 Bxc5 31.dxc5 Nb4 32.Qe3 Nd3 33.Bxe6 Nxc1 34.Rxc1 Qc7 35.Bb3 Rb4 36.g3 a5
37.Rc3 a4 38.Bc2 Qc6 39.Qc1 h5 40.Bd1 h4 41.Bf3 Qc7 42.g4 Rdb8 43.Qh6 Qe5
44.c6 Rxb2 45.Re3 Qd6 46.Qxh4 a3  0-1

[Event "Novi Sad"]
[Site "Novi Sad"]
[Date "1984.??.??"]
[Round "?"]
[White "Kovacevic, Vlatko"]
[Black "Nikolic, Predrag"]
[Result "0-1"]
[WhiteElo "2510"]
[BlackElo "2585"]

1.d4 d5 2.Nf3 Nf6 3.Bf4 c5 4.e3 Nc6 5.Be2 cxd4 6.exd4 Qb6 7.Nc3 Bg4 8.O-O e6
9.Na4 Qd8 10.c3 Be7 11.h3 Bxf3 12.Bxf3 O-O 13.Re1 Bd6 14.Bxd6 Qxd6 15.Nc5 b6
16.Nd3 b5 17.b4 a5 18.a3 Nd7 19.Nc5 Nb6 20.Be2 Nc4 21.Bxc4 dxc4 22.Qh5 Ra7
23.bxa5 Nxa5 24.Rab1 Rb8 25.Re5 g6 26.Ne4 Qe7 27.Rexb5 Rxb5 28.Qxb5 Rb7 29.Qxa5 Rxb1+
30.Kh2 f5 31.Qa8+ Qf8 32.Nf6+ Kf7 33.Qxf8+ Kxf8 34.Nxh7+ Ke7  0-1

[Event "Novi Sad"]
[Site "Novi Sad"]
[Date "1984.??.??"]
[Round "?"]
[White "Velimirovic, Dragoljub"]
[Black "Nikolic, Predrag"]
[Result "0-1"]
[WhiteElo "2505"]
[BlackElo "2585"]

1.e4 e6 2.c4 d5 3.exd5 exd5 4.cxd5 Nf6 5.Nc3 Nxd5 6.Bc4 Nb4 7.Nf3 Nd3+ 8.Kf1 Be7
9.Qe2 Nxc1 10.Rxc1 O-O 11.Re1 Nc6 12.Qe4 Bf6 13.h4 Nd4 14.Ng5 Bf5 15.Qf4 Qd6
16.Qxd6 cxd6 17.Nge4 Be5 18.Nd5 Be6 19.Ng5 b5 20.Ne7+ Kh8 21.Bxe6 fxe6 22.Rc1 Rae8
23.Rc7 Bf6 24.Nc6 Rc8 25.Rxc8 Rxc8 26.Nxd4 Rc1+ 27.Ke2 Rxh1 28.Nxb5 Rxh4
29.Nf7+ Kg8 30.Nfxd6 Ra4  0-1

[Event "Novi Sad"]
[Site "Novi Sad"]
[Date "1984.??.??"]
[Round "?"]
[White "Nikolic, Predrag"]
[Black "Ivanovic, Bozidar"]
[Result "1-0"]
[WhiteElo "2585"]
[BlackElo "2515"]

1.d4 Nf6 2.c4 d6 3.Nf3 Nbd7 4.g3 g6 5.Bg2 Bg7 6.O-O O-O 7.Nc3 e5 8.e4 Re8
9.h3 exd4 10.Nxd4 Nc5 11.Re1 a5 12.Qc2 Nfd7 13.Be3 Ne5 14.b3 Ned3 15.Red1 Nb4
16.Qd2 Bd7 17.Rab1 Nc6 18.Ndb5 b6 19.a3 Rb8 20.f4 Ne7 21.b4 axb4 22.axb4 Ne6
23.Bf2 Nf8 24.Nd4 Ra8 25.g4 Rb8 26.Bh4 Ne6 27.Nxe6 Bxe6 28.Qd3 f6 29.f5 Bf7
30.b5 Qc8 31.Ra1 Qd8 32.Na2 gxf5 33.exf5 d5 34.cxd5 Qd7 35.Nb4 Rbd8 36.Bg3 Bf8
37.Ra7 Rc8 38.d6 Red8 39.Nc6  1-0

[Event "Novi Sad"]
[Site "Novi Sad"]
[Date "1984.??.??"]
[Round "?"]
[White "Nikolic, Predrag"]
[Black "Marjanovic, Slavoljub"]
[Result "1/2-1/2"]
[WhiteElo "2585"]
[BlackElo "2515"]

1.d4 Nf6 2.c4 c5 3.d5 b5 4.cxb5 a6 5.bxa6 Bxa6 6.Nc3 g6 7.g3 d6 8.Bg2 Bg7
9.Nf3 O-O 10.O-O Nbd7 11.Qc2 Qb6 12.Rb1 Rfb8 13.Bd2 Bc4 14.b3 Bxd5 15.Nxd5 Nxd5
16.Ne5 Bxe5 17.Bxd5 Ra7 18.b4 Qc7 19.bxc5 Rxb1 20.Rxb1 e6 21.Bc4 Nxc5 22.Bb5 h5
23.a4 Qd8 24.Rb4 Qa8 25.Rc4 Bg7 26.Bf4 Bf8 27.h4 Be7 28.e4 Qf8 29.Be3 Qg7
30.Kg2 Kh7 31.Qd2 Qf8 32.Qc3 Qa8 33.Kh2 e5 34.Bxc5 dxc5 35.Qxe5 Qh8 36.Qf4 Qg8
37.Rc3 f6 38.e5 fxe5 39.Qxe5 Qg7 40.Re3 Bf6 41.Qd5 Bd4 42.Rf3 Qb7 43.Bc6 Qe7
44.Kg2 Kg7 45.Rf4 Ra6 46.Bb5 Rf6 47.Rxf6 Qxf6 48.Qa2 c4 49.Bxc4 Bxf2 50.Qxf2 Qc6+
51.Kh2 Qxc4 52.a5 Kg8 53.Qb2 Kh7 54.Qe5 Qc2+ 55.Kh3 Qc8+ 56.Kg2 Qc2+ 57.Kf1 Qd1+
58.Qe1 Qd3+ 59.Kg1 Qd4+ 60.Kh2 Qc4 61.Qd2 Kg8 62.Qd8+ Kh7 63.Kg1 Qe2 64.Qc7+ Kg8
65.Qb8+ Kg7 66.Qa7+ Kg8 67.Qf2 Qc4 68.Qb6 Qc1+ 69.Kf2 Qd2+ 70.Kf3 Qd3+ 71.Kf4 Qf5+
72.Ke3 Qe5+ 73.Kf2 Qf5+ 74.Kg1 Qd3 75.Qe6+ Kg7 76.Qe7+ Kg8 77.Qg5 Qd1+ 78.Kf2 Qc2+  1/2-1/2

[Event "Novi Sad"]
[Site "Novi Sad"]
[Date "1984.??.??"]
[Round "?"]
[White "Nikolic, Predrag"]
[Black "Smejkal, Jan"]
[Result "1/2-1/2"]
[WhiteElo "2585"]
[BlackElo "2540"]

1.d4 Nf6 2.c4 g6 3.Nc3 d5 4.Nf3 Bg7 5.Bg5 Ne4 6.cxd5 Nxg5 7.Nxg5 e6 8.Nf3 exd5
9.e3 O-O 10.b4 c6 11.Rc1 Be6 12.Bd3 Qe7 13.b5 c5 14.dxc5 Rc8 15.Na4 Nd7 16.c6 bxc6
17.bxc6 Qb4+ 18.Ke2 Nb6 19.Nxb6 axb6 20.Qb3 Qd6 21.Rhd1 Rxc6 22.Rxc6 Qxc6
23.Ng5 Bg4+ 24.f3 Be6 25.Nxe6 fxe6 26.Rb1  1/2-1/2

[Event "Novi Sad"]
[Site "Novi Sad"]
[Date "1984.??.??"]
[Round "?"]
[White "Nikolic, Predrag"]
[Black "Sokolov, Andrei"]
[Result "1/2-1/2"]
[WhiteElo "2585"]
[BlackElo "2505"]

1.d4 Nf6 2.c4 e6 3.Nf3 b6 4.g3 Ba6 5.Qa4 Bb7 6.Bg2 c5 7.O-O cxd4 8.Nxd4 Bxg2
9.Kxg2 Be7 10.Nc3 O-O 11.Rd1 Qc7 12.Bg5 a6 13.Ne4 Nxe4 14.Bxe7 Rc8 15.f3 Nc5
16.Qc2 d5 17.Bxc5 Qxc5 18.Rac1 Nc6 19.Nxc6 Qxc6 20.Rd4 h6 21.Qd3 Qb7 22.Rc3 dxc4
23.Rcxc4 Rxc4 24.Rxc4 b5 25.Rd4 Qc7 26.b3 Rc8 27.Rd6 a5 28.Ra6 Rb8 29.Qe3 b4
30.Kf2 g5 31.Kg2 Rb5 32.Ra8+  1/2-1/2

[Event "Novi Sad"]
[Site "Novi Sad"]
[Date "1984.??.??"]
[Round "?"]
[White "Nikolic, Predrag"]
[Black "Torre, Eugenio"]
[Result "1/2-1/2"]
[WhiteElo "2585"]
[BlackElo "2530"]

1.d4 d5 2.c4 c6 3.cxd5 cxd5 4.Nc3 Nf6 5.Nf3 Nc6 6.Bf4 Bf5 7.e3 e6 8.Ne5 Nxe5
9.Bxe5 a6 10.Bxf6 gxf6 11.Bd3 Bg6 12.O-O Be7 13.f4 Bxd3 14.Qxd3 f5 15.Na4 Qa5
16.Qb3 Qb5 17.Rfc1 Qxb3 18.axb3 Bd6 19.Rc2 Ke7 20.Rac1 Rad8 21.Kf2 Rhg8 22.Kf3 Kf6
23.Nb6 h5 24.Rc3  1/2-1/2

[Event "Kavala zt"]
[Site "Kavala"]
[Date "1985.??.??"]
[Round "?"]
[White "Borg, Geoffrey"]
[Black "Nikolic, Predrag"]
[Result "1/2-1/2"]
[WhiteElo "2360"]
[BlackElo "2575"]

1.e4 e6 2.d4 d5 3.e5 c5 4.c3 Qb6 5.Nf3 Nc6 6.Bd3 cxd4 7.cxd4 Bd7 8.O-O Nxd4
9.Nxd4 Qxd4 10.Nc3 Qxe5 11.Re1 Qb8 12.Nxd5 Bd6 13.Qg4 Kf8 14.Bd2 h5 15.Qh3 exd5
16.Qxd7 Bxh2+ 17.Kh1 Nf6 18.Qf5 Bd6 19.Rac1 Qd8 20.Bg5 Be7 21.Re5 Kg8 22.Bxf6 Bxf6
23.Rxd5 Qe8 24.Rd7 Qe5 25.Qxe5 Bxe5 26.Rxb7 g6 27.Bc4 Rh7 28.Rd1 Rg7 29.Rdd7 Kh7
30.Bxf7 Rc8 31.g3 Rc2 32.Kg2 a5 33.Ra7 Rxb2 34.Rxa5 Bc3 35.Rc5 Be1 36.Rcc7 Rxf2+
37.Kh3 Kh6 38.Bc4 Rxd7 39.Rxd7  1/2-1/2

[Event "Kavala zt"]
[Site "Kavala"]
[Date "1985.??.??"]
[Round "?"]
[White "Nikolic, Predrag"]
[Black "Soylu, Suat"]
[Result "1-0"]
[WhiteElo "2575"]
[BlackElo "2380"]

1.d4 Nf6 2.c4 c5 3.d5 e6 4.Nc3 exd5 5.cxd5 d6 6.Nf3 g6 7.g3 Bg7 8.Bg2 O-O
9.O-O a6 10.a4 Nbd7 11.Nd2 Ne5 12.h3 Nh5 13.Kh2 g5 14.Nf3 g4 15.Nxe5 Bxe5
16.Qd2 f5 17.hxg4 fxg4 18.Ne4 Bf5 19.Qh6 Bg6 20.a5 Rf5 21.Kg1 Qd7 22.Qd2 Raf8
23.Ra3 Bd4 24.b4 R5f7 25.bxc5 dxc5 26.Qg5 Rg7 27.Qh4 Bxe4 28.Bxe4 Nf6 29.Bg2 Nxd5
30.Bh6 Nc3 31.e3 Bf6 32.Qh5 c4 33.Kh2 Rc8 34.Bxg7 Bxg7 35.f4 Kh8 36.f5 Qe7
37.f6 Bxf6 38.Qf5 Rf8 39.Rxc3 Bg7 40.Qe4  1-0

[Event "Portoroz/Ljubljana"]
[Site "Ljubljana"]
[Date "1985.??.??"]
[Round "2"]
[White "Nikolic, Predrag"]
[Black "Cigan, Stefan"]
[Result "1-0"]
[WhiteElo "2575"]
[BlackElo "2280"]

1.Nf3 Nf6 2.c4 g6 3.g3 Bg7 4.Bg2 O-O 5.d4 d6 6.O-O c6 7.h3 a6 8.b3 b5 9.Nbd2 Bb7
10.Bb2 c5 11.d5 e5 12.Ne1 Nbd7 13.Nd3 Qe7 14.e4 b4 15.f4 Ne8 16.a3 a5 17.axb4 axb4
18.Rxa8 Bxa8 19.Qa1 exf4 20.gxf4 Bxb2 21.Qxb2 g5 22.e5 gxf4 23.Re1 dxe5 24.Nxe5 Qf6
25.Qa1 Nxe5 26.Qxe5 Qg6 27.Qxf4 Nd6 28.Kh2  1-0